000 00284nam a2200133Ia 4500
100 _aGroover/Weiss
942 _cBK
654 _aIndustrial
245 _aIndustrial Robotics
260 _bMcGraw Hill
_aMumbai
_c1986
082 _a629.892
_bGRO
300 _a546
546 _aENGLISH
999 _c24676
_d24676